1552 1561 1858 1564 1711 1833 1099 1315 1767 1477 1163 1376 1483 1511 1830 1041 1280 1462 1537 1850 1493 1691 1181 1172 1016 1122 1806 1498 1524 1412 1435 1737 1055 1853 1225 1840 1385 1310 1536 1515 1132 1732 1135 1226 1238 1014 1092 1388 1950 1741 1945 1894 1110 1896 1688 1199 1047 1757 1160 1843 1622 1072 1608 1863 1703 1733 1183 1977 1831 1941 1283 1337 1071 1514 1078 1631 1213 1415 1165 1378 1882 1516 1737 1359 1366 1086 1441 1981 1519 1744 1852 1297 1078 1886 1991 1112 1374 1938 1121 BCNSPRNW ULIB Ver.6.0+V

เปลี่ยนเป็นภาษาไทย

Change to English
 แสดงรายละเอียดบรรณานุกรม
  กลับหน้าหลัก

Brief Record : Get Marc (ISO 2709) : E-mail record : QR code < ปิดหน้าต่าง
LEADER : 00000nam 2200000uu 4500
001    13399107932
003     ULIB
008    110210s2542||||th 000 0 tha d
020    9746570382
060 04 WQ200^bก172บ 2542
100 0  กรรณิการ์ กันธะรักษา
245 10 แบบเรียนด้วยตนเองเรื่องการตรวจครรภ์ /^cกรรณิการ์กันธะรักษา
246 30 การตรวจครรภ์
250    พิมพ์ครั้งที่ 1
260    เชียงใหม่ :^bโครงการตำรา คณะพยาบาลศาสตร์มหาวิทยาลัยเชียงใหม่,^c2542
300    71 หน้า :^bภาพประกอบ ;^c30 ซม.
650  7 การพยาบาลสูติศาสตร์^xบทเรียนแบบโปรแกรม
650  7 ครรภ์^xบทเรียนแบบโปรแกรม
710 2  มหาวิทยาลัยเชียงใหม่. ^bคณะพยาบาลศาสตร์. ^bโครงการตำรา
945    ^p0^l0^i012494
945    ^p0^l0^i012492
945    ^p0^l0^i012490
945    ^p0^l0^i013345
945    ^p0^l0^i012493
945    ^p0^l0^i012491
945    ^p0^l0^i012489
995    ทศพร
999 ^a ใช้งานได้ทุกระบบ
รายการนี้ยังไม่มีแท็ก
คุณยังไม่ได้ล็อกอิน คุณสามารถมีกิจกรรมร่วมกับเว็บไซต์ได้ แต่ต้องล็อกอินก่อน ::
  ล็อกอิน

รายการสื่อสารสนเทศ

ลำดับที่ ประเภท เลขเรียก/บาร์โค้ด สถานที่ สถานะ
- ไม่พบข้อมูล -

BibComment


ยังไม่เคยถูกคอมเมนท์

คอมเมนท์ทรัพยากรรายการนี้
  คอมเมนท์: แบบเรียนด้วยตนเอง..


 Copyright 2026. Bcnsprnw @Library